| 000 | 00990nam a2200265Ia 4500 | ||
|---|---|---|---|
| 003 | OSt | ||
| 005 | 20221005110311.0 | ||
| 006 | a|||||r|||| 00| 0 | ||
| 007 | ta | ||
| 008 | 221004b |||||||| |||| 00| 0 hin d | ||
| 020 |
_a9789383513055 (hbk) _cIndian Rupees 350 |
||
| 024 | _a35658 | ||
| 037 |
_bGift, 02/02/2018, _cTextual |
||
| 040 |
_aCRL _cCRL _bhin |
||
| 041 |
_2hin _ahin |
||
| 082 | _aY:351.252, 152Q7 | ||
| 100 |
_aपाण्डेय, सत्य प्रिय, ले. _9556116 |
||
| 245 | 0 |
_aलोकगीत _b पाठ एवं विमर्श |
|
| 246 | _aLokagīta: pāṭh evan vimarsha: avadh ke lokagīta | ||
| 260 |
_aनई दिल्ली _bस्वराज प्रकाशन भारत _c2017 |
||
| 300 |
_a136पृ0 _ccm. |
||
| 650 | _aलोकगीत | ||
| 942 |
_hY:351.252, 152Q7 _cTEXL _2cc |
||
| 999 |
_c1018386 _d1018386 |
||